| 000 | 01139cam a22003377a 4500 | ||
|---|---|---|---|
| 001 | 2917 | ||
| 005 | 20260327131521.0 | ||
| 020 | _a9780545298575 | ||
| 040 |
_aBTCTA _beng _cBTCTA _dZGX _dLEO _dIGP _dDLC |
||
| 050 | 0 | 0 |
_aPZ7.S8147 _b 2011 |
| 082 | _a178 | ||
| 100 | 1 | _aSteele, Michael Anthony | |
| 245 | 1 | 0 |
_aWork this farm! / _cby Michael Anthony Steele ; illustrated by Chuck Primeau. |
| 250 | _aThis edition was printing , March 2011 | ||
| 260 |
_aNew York : _bScholastic, _c2011 |
||
| 300 |
_a24 pages : _bcolor illustrations ; _c21 cm. |
||
| 490 | 0 | _aLego city | |
| 505 | _aN | ||
| 520 | _a"It's a busy day on the farm! The farmers feed the animals and harvest the crops. A big farm needs big machines!"--P. [4] of cover. | ||
| 521 |
_a570
_bLexile |
||
| 521 |
_aN
_bRaz-Plus |
||
| 650 | 0 |
_aFarms _vJuvenile fiction. |
|
| 650 | 0 |
_aLEGO toys _vJuvenile fiction. |
|
| 650 | 1 |
_aToys _vFiction. |
|
| 650 | 1 |
_aFarms _vFiction. |
|
| 650 | 7 |
_aLEGO toys _vFiction. _2sears |
|
| 650 | 7 |
_aFarms _vFiction. _2sears |
|
| 700 | 1 | _aPrimeau, Chuck. | |
| 906 |
_a7 _bcbc _ccopycat _d2 _encip _f20 _gy-gencatlg |
||
| 942 |
_2ddc _cBK _n0 |
||
| 999 |
_c2917 _d2917 |
||